00327nam a2200121 a 4500008004100000050001500041100002400056245004300080250001300123260004000136300002000176350000900196120416s1978 ||||||||||||||||| || u aHM 131 Kat aKatz, Daniel, 1903-14aThe social psychology of organizations a2nd. ed. aNew YorkbJohn Wiley and Sonsc1978 avi, 838P. : ill a0.00